Morza według układów oceanicznych - Statystyki

Ogólne statystyki
  • Ten quiz został rozwiązany 20 razy
  • Średni wynik to 38 z 82
Statystyki odpowiedzi
Ocean Spokojny % Poprawnych
Morze Bałtyckie
94%
Morze Białe
94%
Morze Północne
94%
Morze Śródziemne
94%
Morze Wschodniosyberyjskie
94%
Morze Karaibskie
89%
Morze Czarne
83%
Morze Czerwone
83%
Morze Arabskie
78%
Morze Egejskie
78%
Morze Żółte
78%
Morze Adriatyckie
72%
Morze Beringa
72%
Morze Japońskie
72%
Morze Norweskie
72%
Morze Jońskie
67%
Morze Tasmana
67%
Morze Filipińskie
61%
Morze Irlandzkie
61%
Morze Południowochińskie
61%
Morze Riiser-Larsena
61%
Morze Tyrreńskie
61%
Morze Wschodniochińskie
61%
Morze Baffina
56%
Morze Celtyckie
56%
Morze Czukockie
56%
Morze Grenlandzkie
56%
Morze Karskie
56%
Morze Marmara
56%
Morze Andamańskie
50%
Morze Azowskie
50%
Morze Balearskie
50%
Morze Barentsa
50%
Morze Celebes
50%
Morze Koralowe
50%
Morze Łaptiewów
50%
Morze Liguryjskie
50%
Morze Ochockie
50%
Morze Sargassowe
50%
Morze Sulu
50%
Morze Timor
50%
Morze Arafura
44%
Morze Beauforta
44%
Morze Labradorskie
44%
Morze Salomona
44%
Morze Scotia
44%
Morze Scotia
44%
Morze Weddella
44%
Morze Alborańskie
39%
Morze Bismarcka
39%
Morze Fidżi
39%
Morze Flores
39%
Morze Jawajskie
39%
Morze Szkockie
39%
Morze Lakkadiwskie
33%
Morze Moluckie
33%
Morze Rossa
33%
Morze Alandzkie
28%
Morze Amundsena
28%
Morze Davisa
28%
Morze Kreteńskie
28%
Morze Peczorskie
28%
Morze Sawu
28%
Morze Seram
28%
Morze Somowa
28%
Morze Bellingshausena
22%
Morze Halmahera
22%
Morze Lincolna
22%
Morze Wattowe
22%
Morze Wspólnoty
22%
Morze Archipelagowe
17%
Morze Balijskie
17%
Morze Dumont d’Urville’a
17%
Morze Hebrydzkie
17%
Morze Kosmonautów
17%
Morze Króla Haakona VII
17%
Morze Łazariewa
17%
Morze Mawsona
17%
Morze Trackie
17%
Morze Mirtejskie
11%
Morze Wandela
11%
Morze Wewnętrzne
11%
Nie znaleziono quizów pasujących do podanych kryteriów
Rozkład punktacji
Procent ludzi z każdym wynikiem
Percentyl według liczby udzielonych odpowiedzi
Twoja historia wyników
Nie rozwiązałeś tego quizu